Szczegóły MARC21

Dziedzictwo przemysłowe jako strategia rozwoju innowacyjnej gospodarki : IV Międzynarodowa Konferencja Naukowo Praktyczna, Zabrze, 6-7 wrzesień [!] 2007 /

003 -Nazwa inst., której nr kontr. jest w polu 001 [,]
    • @
    • Nazwa instytucji, której n kontrolny jest w polu 001
    • NUKAT
005 -DATA I CZAS OSTATNIEJ MODYFIKACJI [,]
    • @
    • pole kontrolne
    • 20241231090548.0
020 -Międzynarod. znormalizowany nr książki - ISBN [ , ]
    • a
    • Numer ISBN
    • 9788392617044 Find
    • q
    • Dopowiedzenie
    • ŚOT
040 -Instytucja sporządzająca opis [ , ]
    • a
    • Instytucja, która sporządziła opis (NP)
    • KR 303/kk
    • c
    • Instytucja, która sporządziła rekord (NP)
    • KR 303/kk
    • d
    • Instytucja, która zmodyfikowała rekord (P)
    • KR 122/AKs
942 -Rodzaj dokumentu [ , ]
    • c
    • Rodzaj dokumentu
    • Książka
245 -Strefa tytułu i oznaczenia odpowiedzialności [0,0]
    • a
    • Tytuł
    • Dziedzictwo przemysłowe jako strategia rozwoju innowacyjnej gospodarki : Find
    • b
    • Ciąg dalszy tytułu (NP)
    • IV Międzynarodowa Konferencja Naukowo Praktyczna, Zabrze, 6-7 wrzesień [!] 2007 / Find
    • c
    • Pozostałe elementy strefy tytułu i oznaczenia odpowiedzialności (NP)
    • red. Tadeusz Burzyński ; Śląska Organizacja Turystyczna, Urząd Miejski w Zabrzu, Górnośląska Wyższa Szkoła Handlowa im. Wojciecha Korfantego.
260 -Strefa adresu wydawniczego [ , ]
    • a
    • Miejsce wydania (P)
    • Katowice :
    • b
    • Nazwa wydawcy (P)
    • Śląska Organizacja Turystyczna :
    • b
    • Nazwa wydawcy (P)
    • Agencja Artystyczna PARA,
    • c
    • Data wydania (P)
    • 2007.
300 -Strefa opisu fizycznego [ , ]
    • a
    • Określenie formy książki i/lub objętość (NP)
    • 204 s. :
    • b
    • Oznaczenie ilustracji (NP)
    • il. ;
    • c
    • Format (NP)
    • 24 cm.
336 -Typ zawartości [ , ]
    • a
    • Termin opisujący typ zawartości
    • Tekst
    • b
    • Kod określający zawartość
    • txt
    • 2
    • Źródło (terminu i kodu)
    • rdacontent
337 -Typ mediów [ , ]
    • a
    • Tryb odtwarzania
    • Bez urządzenia pośredniczącego
    • b
    • Kod typu mediów
    • n
    • 2
    • Źródło (terminu i kodu)
    • rdamedia
338 -Typ/rodzaj nośnika [ , ]
    • a
    • Hasło opisujące typ nośnika
    • Wolumin
    • b
    • Kod typu nośnika
    • nc
    • 2
    • Źródło (terminu i kodu)
    • rdacarrier
500 -Uwaga ogólna [ , ]
    • a
    • Uwaga ogólna (NP)
    • Na s. przytyt.: Materialy pokonferencyjne z IV Międzynarodowej Konferencji Naukowo-Praktycznej pt. "Dziedzictwo przemysłowe jako strategia rozwoju innowacyjnej gospodarki", Zabrze, 6-7 września 2007 r.
504 -Uwaga dot. bibliogr. załącznikowej [ , ]
    • a
    • Uwaga dot. bibliografii załącznikowej
    • Bibliogr. przy niektórych ref.
650 -Hasło przedmiotowe [ ,7]
    • a
    • Hasło przedmiotowe
    • Budynki przemysłowe
    • x
    • Określnik rzeczowy
    • rekonwersja
    • v
    • Określnik formalny
    • konferencje.
    • 2
    • Źródło terminu
    • kaba
    • 9
    • KHW
    • 460018
650 -Hasło przedmiotowe [ ,7]
    • a
    • Hasło przedmiotowe
    • Budynki przemysłowe
    • x
    • Określnik rzeczowy
    • wykorzystanie dla celów rekreacyjnych
    • v
    • Określnik formalny
    • konferencje.
    • 2
    • Źródło terminu
    • kaba
    • 9
    • KHW
    • 460019
650 -Hasło przedmiotowe [ ,7]
    • a
    • Hasło przedmiotowe
    • Dobra kultury
    • x
    • Określnik rzeczowy
    • konserwacja i restauracja
    • v
    • Określnik formalny
    • konferencje.
    • 2
    • Źródło terminu
    • kaba
    • 9
    • KHW
    • 460020
700 -Hasło dodatkowe - nazwa osobowa [1, ]
    • a
    • Nazwa osobowa (NP)
    • Burzyński, Tadeusz. Find
    • e
    • Określenie rodzaju współpracy
    • Red.
    • 9
    • KHW
    • 459927
710 -Hasło dodatkowe - nazwa ciała zbiorowego [2, ]
    • a
    • Nazwa ciała zbiorowego lub nazwa geograficzna jako pierwszy element (NP)
    • Śląska Organizacja Turystyczna.
    • 9
    • KHW
    • 459928
710 -Hasło dodatkowe - nazwa ciała zbiorowego [1, ]
    • a
    • Nazwa ciała zbiorowego lub nazwa geograficzna jako pierwszy element (NP)
    • Zabrze (Polska).
    • b
    • Nazwa jednostki podrzędnej (P)
    • Urząd Miejski.
    • 9
    • KHW
    • 459929
710 -Hasło dodatkowe - nazwa ciała zbiorowego [2, ]
    • a
    • Nazwa ciała zbiorowego lub nazwa geograficzna jako pierwszy element (NP)
    • Górnośląska Wyższa Szkoła Handlowa im. Wojciecha Korfantego (Katowice).
    • 9
    • KHW
    • 91269
711 -Hasło dodatkowe - nazwa imprezy [2, ]
    • a
    • Nazwa imprezy (NP)
    • Międzynarodowa Konferencja Naukowo-Praktyczna pt. "Dziedzictwo Przemysłowe jako Strategia Rozwoju Innowacyjnej Gospodarki"
    • n
    • Numer imprezy (P)
    • (4 ;
    • d
    • Data imprezy (NP)
    • 2007 ;
    • c
    • Miejsce imprezy (NP)
    • Zabrze).
    • 9
    • KHW
    • 459930
920 -ISBN [ , ]
    • a
    • ISBN
    • 978-83-926170-4-4 Find
    • q
    • Dopowiedzenie
    • ŚOT
Lokalizacja Data inwentaryzacji Sygnatura Numer inwentarzowy Status udost.
T2018-08-29T.20445T.20445-2